Geometrías no euclidianas /
Guardado en:
| Autor Principal: | |
|---|---|
| Formato: | Libro |
| Publicado: |
Buenos Aires :
Eudeba,
1961
|
| Materias: | |
| Etiquetas: |
Agregar Etiqueta
Sin Etiquetas, Sea el primero en etiquetar este registro!
|
| LEADER | 00625nam a22002175a 4500 | ||
|---|---|---|---|
| 001 | CEM.cems005764 | ||
| 005 | 20060214000000.0 | ||
| 008 | 130507s1961##################000#0#####d | ||
| 003 | CEMS | ||
| 082 | 0 | 4 | |a 513.8 |
| 100 | 1 | |a Santaló, Luis A. | |
| 245 | 1 | 0 | |a Geometrías no euclidianas / |
| 260 | |a Buenos Aires : |b Eudeba, |c 1961 | ||
| 300 | |a 64 p. | ||
| 505 | 0 | |a La topologia del espacio euclidiano; Espacios metricos; Espacios topologicos | |
| 653 | |a Conicas | ||
| 653 | |a Conicas | ||
| 653 | |a Geometria | ||
| 653 | |a Geometria | ||
| 653 | |a Geometria analitica | ||
| 859 | |a CEMS |b BIB. CEMS - 11 de abril |h 513.8 |i Sa59 |p 10621.81 |t Ej.1 | ||
